[Event "GER-chT North U12"]
[Site "Magdeburg"]
[Date "2014.09.11"]
[Round "1.4"]
[White "Badzies, Tobias"]
[Black "Diederichsen, Mathis"]
[Result "1-0"]
[WhiteElo "1043"]
[BlackElo "1076"]
[PlyCount "45"]
[EventDate "2014.09.11"]
[EventType "team-swiss"]
[EventRounds "7"]
[EventCountry "GER"]
[SourceTitle "EXT 2016"]
[Source "ChessBase"]
[SourceDate "2015.10.08"]
[SourceVersion "1"]
[SourceVersionDate "2015.10.08"]
[SourceQuality "1"]
[WhiteTeam "Uelzen Post"]
[BlackTeam "Gottingen Rochade"]
[WhiteTeamCountry "GER"]
[BlackTeamCountry "GER"]

1. d4 e5 2. c4 exd4 3. Qxd4 Nc6 4. Qe3+ Be7 5. Nc3 Nf6 6. Nd5 Nxd5 7. cxd5 Nb4 8. Qd2 0-0 9. Nf3 Bc5 10. a3 Na6 11. e3 b6 12. Qd3 Bb7 13. Be2 Qf6 14. 0-0 Rad8 15. Bd2 c6 16. b4 Be7 17. b5 Nc7 18. e4 Nxb5 19. Bg5 Qd6 20. e5 Qc5 21. d6 Bxg5 22. Nxg5 Qxe5 23. Qxh7# 1-0

[Event "Niedersachsen-ch U12"]
[Site "Norderney"]
[Date "2014.04.17"]
[Round "9"]
[White "Rizo Wellmann, Darja"]
[Black "Diederichsen, Mathis"]
[Result "1-0"]
[WhiteElo "953"]
[BlackElo "1047"]
[PlyCount "65"]
[EventDate "2014.04.??"]
[EventType "swiss"]
[EventRounds "11"]
[EventCountry "GER"]
[SourceTitle "EXT 2017"]
[Source "ChessBase"]
[SourceDate "2016.10.25"]
[SourceVersion "1"]
[SourceVersionDate "2016.10.25"]
[SourceQuality "1"]

1. e4 e5 2. Nf3 d5 3. exd5 Qxd5 4. Nc3 Qc5 5. d4 exd4 6. Qxd4 Qc6 7. Bb5 Qd7 8. Bxd7+ Bxd7 9. 0-0 Bd6 10. Bf4 Nf6 11. Bxd6 cxd6 12. Rfe1+ Be6 13. Ng5 0-0 14. Nxe6 fxe6 15. Rxe6 Nh5 16. Qc4 d5 17. Nxd5 Nc6 18. Nc7 Rac8 19. Re8+ Kh8 20. Rxf8+ Rxf8 21. Re1 Nf6 22. h3 Rc8 23. Qf7 Rg8 24. Ne8 Nd8 25. Qe7 Nc6 26. Qxb7 Nxe8 27. Qxc6 Nf6 28. g4 a5 29. g5 Nh5 30. Re8 h6 31. Rxg8+ Kxg8 32. Qe8+ Kh7 33. g6# 1-0

[Event "Niedersachsen-ch U12"]
[Site "Norderney"]
[Date "2014.04.15"]
[Round "7"]
[White "Diederichsen, Mathis"]
[Black "Kittelberger, Mattis"]
[Result "1/2-1/2"]
[WhiteElo "1047"]
[BlackElo "1564"]
[PlyCount "64"]
[EventDate "2014.04.??"]
[EventType "swiss"]
[EventRounds "11"]
[EventCountry "GER"]
[SourceTitle "EXT 2017"]
[Source "ChessBase"]
[SourceDate "2016.10.25"]
[SourceVersion "1"]
[SourceVersionDate "2016.10.25"]
[SourceQuality "1"]

1. e4 c5 2. d4 cxd4 3. c3 Nf6 4. Bd3 e6 5. cxd4 Nc6 6. Nf3 Bb4+ 7. Bd2 Qb6 8. 0-0 Bxd2 9. Nbxd2 Nxd4 10. Nc4 Nxf3+ 11. Qxf3 Qc7 12. e5 d5 13. Nd6+ Kf8 14. Nxc8 Qxe5 15. Rac1 Ne8 16. Qd1 Nc7 17. Nxa7 Rxa7 18. Qc2 b6 19. a4 Qd6 20. Rfe1 Ke7 21. b3 Ne8 22. h3 Rc7 23. Qd2 Rxc1 24. Rxc1 Nf6 25. a5 bxa5 26. Qxa5 Rd8 27. Bb5 Qb8 28. Qb4+ Qd6 29. Qa5 Qb8 30. Rc7+ Nd7 31. Ra7 Qd6 32. Ra6 Qc5 1/2-1/2

[Event "Niedersachsen-ch U12"]
[Site "Norderney"]
[Date "2014.04.14"]
[Round "5"]
[White "Diederichsen, Mathis"]
[Black "Reichelt, Ole"]
[Result "0-1"]
[WhiteElo "1047"]
[BlackElo "1707"]
[PlyCount "110"]
[EventDate "2014.04.??"]
[EventType "swiss"]
[EventRounds "11"]
[EventCountry "GER"]
[SourceTitle "EXT 2017"]
[Source "ChessBase"]
[SourceDate "2016.10.25"]
[SourceVersion "1"]
[SourceVersionDate "2016.10.25"]
[SourceQuality "1"]

1. e4 e6 2. Nc3 d5 3. d3 Nf6 4. f4 dxe4 5. dxe4 Qxd1+ 6. Kxd1 Bb4 7. Bb5+ Bd7 8. Bd3 Bc6 9. Nce2 Nxe4 10. Bxe4 Bxe4 11. Nf3 0-0 12. c3 Bc5 13. Ng3 Bc6 14. Kc2 Nd7 15. Re1 b6 16. Be3 Rfd8 17. Rad1 Bxe3 18. Rxe3 Nf6 19. Rde1 Rd6 20. f5 Re8 21. Ng5 h6 22. Nf3 Bd5 23. Nd4 c5 24. Nb5 Rd7 25. h3 Bxg2 26. fxe6 fxe6 27. Rxe6 Rxe6 28. Rxe6 Bxh3 29. Re3 Bg4 30. Na3 g5 31. Nc4 Bd1+ 32. Kc1 Ba4 33. Re1 Kh7 34. Ne5 Re7 35. Nf5 Re8 36. Nd6 Re6 37. Ndf7 Nd7 38. Nd8 Rxe5 39. Rf1 Kg6 40. Nf7 Re7 41. Nd6 Re6 42. Nf7 Rf6 43. Rxf6+ Nxf6 44. Ne5+ Kf5 45. Nd3 g4 46. Nf2 g3 47. Nh3 Kg4 48. Ng1 g2 49. b3 Bc6 50. b4 Kg3 51. bxc5 bxc5 52. Kd1 Kh2 53. Ne2 Bf3 54. Ke1 Bxe2 55. Kxe2 g1Q 0-1

[Event "Niedersachsen-ch U12"]
[Site "Norderney"]
[Date "2014.04.13"]
[Round "3"]
[White "Schuette, Morris"]
[Black "Diederichsen, Mathis"]
[Result "0-1"]
[WhiteElo "1032"]
[BlackElo "1047"]
[PlyCount "72"]
[EventDate "2014.04.??"]
[EventType "swiss"]
[EventRounds "11"]
[EventCountry "GER"]
[SourceTitle "EXT 2017"]
[Source "ChessBase"]
[SourceDate "2016.10.25"]
[SourceVersion "1"]
[SourceVersionDate "2016.10.25"]
[SourceQuality "1"]

1. e4 e5 2. Nf3 Nc6 3. Bb5 Nf6 4. d4 exd4 5. 0-0 a6 6. Ba4 Nxe4 7. Re1 d5 8. Qxd4 b5 9. Nc3 Nxd4 10. Nxd4 bxa4 11. Nxa4 Bb4 12. c3 Bd6 13. c4 0-0 14. cxd5 Qh4 15. g3 Nxg3 16. fxg3 Qxd4+ 17. Be3 Qxa4 18. Bf4 Bxf4 19. gxf4 Qxf4 20. Rad1 Bh3 21. d6 Qg4+ 22. Kf2 Qg2+ 23. Ke3 Rfe8+ 24. Kd3 Qd5+ 25. Kc2 Bf5+ 26. Kc1 Qc4+ 27. Kd2 Qb4+ 28. Kc1 Rxe1 29. dxc7 Rxd1+ 30. Kxd1 Qd6+ 31. Ke2 Qxc7 32. h3 Bxh3 33. b4 Re8+ 34. Kf3 Qc6+ 35. Kf4 Qe4+ 36. Kg3 Qg2+ 0-1

[Event "Niedersachsen-ch U10"]
[Site "Rotenburg"]
[Date "2012.03.31"]
[Round "1"]
[White "Helmer, Jan"]
[Black "Diederichsen, Mathis"]
[Result "1-0"]
[WhiteElo "933"]
[BlackElo "718"]
[PlyCount "61"]
[EventDate "2012.03.31"]
[EventType "swiss"]
[EventRounds "11"]
[EventCountry "GER"]
[SourceTitle "EXT 2015"]
[Source "ChessBase"]
[SourceDate "2014.11.20"]
[SourceVersion "1"]
[SourceVersionDate "2014.11.20"]
[SourceQuality "1"]

1. d4 e5 2. dxe5 f6 3. exf6 Nxf6 4. Bg5 Nc6 5. Nc3 Bb4 6. Nf3 d6 7. e3 Bd7 8. h3 0-0 9. Bc4+ Kh8 10. 0-0 Bxc3 11. bxc3 Qe7 12. a3 Ne5 13. Nxe5 Qxe5 14. Bxf6 Qxf6 15. Qd3 Bf5 16. Qd2 Qg6 17. Bd3 Qg5 18. Bxf5 Rxf5 19. Qe2 Rf6 20. Rab1 Rg6 21. Qf3 Rb8 22. Rxb7 Rxb7 23. Qxb7 h6 24. Rd1 Kh7 25. Rd4 h5 26. Qa8 c5 27. Rf4 d5 28. g3 Ra6 29. Rf8 Rxa3 30. Rh8+ Kg6 31. Qe8+ 1-0